LEADER 00854nam0-22002891i-450 001 990001718830403321 005 20190416084222.0 010 $a2-85340-792-6 035 $a000171883 035 $aFED01000171883 035 $a(Aleph)000171883FED01 035 $a000171883 100 $a20030910d1986----km-y0itay50------ba 101 0 $afre 200 1 $aAgrometeorologie et developpement des regions arides et semi-arides$fCharles Baldy 210 $aParis$cINRA$d1986 215 $a114 p.$d24 cm 610 0 $aAgrometeorologia 676 $a630.251 5 700 1$aBaldy,$bCharles$074162 801 0$aIT$bUNINA$gRICA$2UNIMARC 901 $aBK 912 $a990001718830403321 952 $a60 630.251 5 BALC 1986$b1273$fFAGBC 959 $aFAGBC 996 $aAgrometeorologie et developpement des regions arides et semi-arides$9360248 997 $aUNINA LEADER 01675nam 2200421Ia 450 001 996393559303316 005 20200824132056.0 035 $a(CKB)3810000000005735 035 $a(EEBO)2240961006 035 $a(OCoLC)ocm12244248e 035 $a(OCoLC)12244248 035 $a(EXLCZ)993810000000005735 100 $a19850709d1642 uy | 101 0 $aeng 135 $aurbn||||a|bb| 200 10$aBp Carletons testimonie concerning the Presbyterian discipline in the Low-Covntries, and Episcopall government here in England$b[electronic resource] $evvherein is briefly discovered the novelty of the one and antiquity of the other, with a short taste of the inconveniences that attend the new plat-forme, where that is set up in the roome of the old primitive government 210 $aLondon $cPrinted for Nath. Butter$d1642 215 $a[4], 4 p 300 $aReproduction of original in Thomason Collection, British Library. 330 $aeebo-0158 606 $aEpiscopacy$xHistory$y17th century 606 $aPresbyterianism$xHistory$y17th century 606 $aProtestantism$xHistory$y17th century 606 $aEpiscopacy$xHistory 615 0$aEpiscopacy$xHistory 615 0$aPresbyterianism$xHistory 615 0$aProtestantism$xHistory 615 0$aEpiscopacy$xHistory. 700 $aCarleton$b George$f1559-1628.$01001917 801 0$bEAA 801 1$bEAA 801 2$bm/c 801 2$bUMI 801 2$bWaOLN 906 $aBOOK 912 $a996393559303316 996 $aBp Carletons testimonie concerning the Presbyterian discipline in the Low-Covntries, and Episcopall government here in England$92422604 997 $aUNISA LEADER 01306nam a2200301 i 4500 001 991002434929707536 005 20020508200157.0 008 000302s1967 it ||| | ita 035 $ab11008908-39ule_inst 035 $aPARLA162596$9ExL 040 $aDip.to Scienze Storiche Fil. e Geogr.$bita 082 0 $a231.74 110 2 $aChiesa cattolica$0411884 245 13$aLa costituzione dogmatica sulla divina rivelazione :$bstoria, testo latino dello schema preconciliare De fontibus revelationis, prospetto sinottico delle quattro principali redazioni dello schema De divina revelatione, traduzione italiana del testo promulgato, esposizione e commento 250 $a4. ed 260 $aTorino :$bElle Di Ci,$c1967 300 $a546 p. ;$c21 cm. 490 0 $aMagistero conciliare 500 $aA cura di U. Betti ed altri. 611 24$aConcilio vaticano$n<2. ;$d1962-1965>$xCostituzione dogmatica Dei verbum 650 4$aRivelazione 700 1 $aBetti, Umberto 907 $a.b11008908$b23-02-17$c28-06-02 912 $a991002434929707536 945 $aLE009 STOR.47-6$g1$i1371$lle009$o-$pE0.00$q-$rl$s- $t0$u0$v0$w0$x0$y.i11126188$z28-06-02 996 $aCostituzione dogmatica sulla divina rivelazione$9266638 997 $aUNISALENTO 998 $ale009$b01-01-00$cm$da $e-$fita$git $h3$i1